| 000 | 01005nam a2200301 a 4500 | ||
|---|---|---|---|
| 001 | 9479 | ||
| 003 | CO-ViMGA | ||
| 008 | 141112s2004 ck r 000 u spa d | ||
| 020 | _a9586531481 | ||
| 040 |
_aCO-ViMGA _bspa _cCO-ViMGA |
||
| 082 | 0 | 4 | _a346.07 L951 |
| 100 | 1 |
_aLugari ; María, _910422 |
|
| 245 | 1 | 0 |
_aRegimen Cambiario Colombiano : _bDerecho de la Moneda Extranjera |
| 250 | _a2 | ||
| 260 |
_aBogotá : _bLegis Editores S.A, _c1998 |
||
| 300 | _a292p. | ||
| 650 | 1 | 4 |
_aBALANZA DE PAGOS INTERNACIONALES _910423 |
| 650 | 1 | 4 |
_aBANCO DE LA REPUBLICA _98983 |
| 650 | 1 | 4 |
_aCAMBIOS INTERNACIONALES _910424 |
| 650 | 1 | 4 |
_aDERECHO ADMINISTRATIVO PENAL _910425 |
| 650 | 1 | 4 |
_aFONDO MONETARIO INTERNACIONAL _910426 |
| 650 | 1 | 4 |
_aINFRACCION CAMBIARIA _910427 |
| 650 | 1 | 4 |
_aINTERVENCIONISMO ECONOMICO _910428 |
| 650 | 1 | 4 |
_aLEY MARCO DE CAMBIOS INTERNACIONALES _910429 |
| 650 | 1 | 4 |
_aMARCO LEGAL DEL REGIMEN DE CAMBIOS INTERNACIONALES _910430 |
| 650 | 1 | 4 |
_aSOBERANIA MONETARIA _910431 |
| 942 |
_2ddc _cBK |
||
| 999 |
_c20978 _d20978 |
||